[Event "Reto (Rybka23232-bit, 90'+30\"/100+15'+3"]
[Site "?"]
[Date "2009.12.31"]
[Round "?"]
[White "Diaz, Sergio"]
[Black "Cabrera, Marcelo Dario"]
[Result "1/2-1/2"]
[WhiteElo "2472"]
[BlackElo "2267"]
[PlyCount "79"]

1. e4 c5 2. Nf3 e6 3. d4 cxd4 4. Nxd4 a6 5. Bd3 Nf6 6. O-O Qc7 7. Qe2 d6 8. c4
Be7 9. Nc3 Nc6 10. Nxc6 bxc6 11. f4 Nd7 12. Be3 Rb8 13. Rad1 O-O 14. Rf3 g6 15.
g4 Bf6 16. Qd2 Bb7 17. g5 Bg7 18. Bf1 d5 19. Rf2 Rfe8 20. cxd5 cxd5 21. exd5
exd5 22. Nxd5 Bxd5 23. Qxd5 Rxe3 24. Qxd7 Qc5 25. Kg2 Bxb2 26. Bxa6 {[%eval 37,
15] [%emt 0:03:51]} Ba3 {[%eval 42,16] [%emt 0:04:02]} 27. Rd5 {[%eval 37,17] 
[%emt 0:05:17] (Dd5)} Qc1 {[%eval 44,17] [%emt 0:03:08]} 28. Rdd2 {[%eval 35,
17] [%emt 0:06:02]} Be7 {[%eval 37,17] [%emt 0:01:54]} 29. Rc2 {[%eval 37,17] 
[%emt 0:02:08]} Qa3 {[%eval 33,17] [%emt 0:07:51]} 30. Bc4 {[%eval 39,18] 
[%emt 0:08:33]} Rd8 {[%eval 39,18] [%emt 0:03:14]} 31. Qb7 {[%eval 34,18] 
[%emt 0:02:15]} Qd6 {[%eval 30,18] [%emt 0:03:50]} 32. a4 {[%eval 27,18] [%emt
0:03:57]} Rd7 {[%eval 26,18] [%emt 0:02:33]} 33. Qb5 {[%eval 26,18] [%emt 0:02:
25]} Qd4 {[%eval 19,18] [%emt 0:04:43]} 34. Qc6 {[%eval 18,18] [%emt 0:05:20]}
Bf8 {[%eval 19,18] [%emt 0:04:07]} 35. Bb5 {[%eval 21,18] [%emt 0:04:07]} Rd6 {
[%eval 17,18] [%emt 0:06:21]} 36. Qc4 {[%eval 9,18] [%emt 0:03:56]} Qa7 {
[%eval 11,18] [%emt 0:04:14]} 37. Rf3 {[%eval 4,18] [%emt 0:15:10]} Rd1 {
[%eval 3,18] [%emt 0:03:31]} 38. Rcf2 {[%eval 0,18] [%emt 0:07:55]} Rxf3 {
[%eval 0,18] [%emt 0:02:45]} 39. Kxf3 {[%eval 0,19] [%emt 0:04:36]} Rd4 {
[%eval 0,19] [%emt 0:07:02]} 40. Qc1 {[%eval 0,19] [%emt 0:05:20]} 1/2-1/2

[Event "Reto (Rybka232mp32-bit, 90'+30\"/100+15'"]
[Site "?"]
[Date "2009.12.31"]
[Round "?"]
[White "Diaz, Sergio"]
[Black "Cabrera, Marcelo Dario"]
[Result "1/2-1/2"]
[WhiteElo "2472"]
[BlackElo "2267"]
[PlyCount "88"]

1. e4 c5 2. Nf3 e6 3. d4 cxd4 4. Nxd4 a6 5. Bd3 Nf6 6. O-O Qc7 7. Qe2 d6 8. c4
Be7 9. Nc3 Nc6 10. Nxc6 bxc6 11. f4 Nd7 12. Be3 Rb8 13. Rad1 O-O 14. Rf3 g6 15.
g4 Bf6 16. Qd2 Bb7 17. g5 Bg7 18. Bf1 d5 19. Rf2 Rfe8 20. cxd5 cxd5 21. exd5
exd5 22. Nxd5 Bxd5 23. Qxd5 Rxe3 24. Qxd7 Qc5 25. Kg2 Bxb2 26. Bxa6 {[%eval 35,
15] [%emt 0:02:01]} Ba3 {[%eval 38,17] [%emt 0:07:09]} 27. Qd5 {[%eval 39,17] 
[%emt 0:01:37]} Rc3 {[%eval 39,18] [%emt 0:02:48]} 28. Rd3 {[%eval 35,19] 
[%emt 0:05:09]} Qxd5+ {[%eval 32,19] [%emt 0:02:22]} 29. Rxd5 {[%eval 29,19] 
[%emt 0:00:00]} Bc5 {[%eval 20,20] [%emt 0:02:52]} 30. Re2 {[%eval 17,20] 
[%emt 0:01:51]} Kg7 {[%eval 18,20] [%emt 0:01:55]} 31. Bd3 {[%eval 22,20] 
[%emt 0:01:12]} Rb4 {[%eval 18,20] [%emt 0:01:11]} 32. Rc2 {[%eval 17,21] 
[%emt 0:02:56]} Rxc2+ {[%eval 17,21] [%emt 0:01:05]} 33. Bxc2 {[%eval 15,21] 
[%emt 0:00:00]} Be3 {[%eval 16,22] [%emt 0:03:06]} 34. Kf3 {[%eval 14,22] 
[%emt 0:02:24]} Bxf4 {[%eval 14,22] [%emt 0:01:20]} 35. a3 {[%eval 13,23] 
[%emt 0:03:51]} Rb2 {[%eval 11,23] [%emt 0:02:02]} 36. Bxg6 {[%eval 11,23] 
[%emt 0:02:08]} Bxh2 {[%eval 11,23] [%emt 0:02:09]} 37. Be4 {[%eval 8,23] 
[%emt 0:12:55] (Ad3)} Rb3+ {[%eval 6,23] [%emt 0:07:52]} 38. Rd3 {[%eval 3,24]
[%emt 0:06:29]} Rb5 {[%eval 1,24] [%emt 0:09:29]} 39. Rd2 {[%eval 1,24] [%emt
0:05:56]} Bb8 {[%eval 1,24] [%emt 0:06:28]} 40. Rd5 {[%eval 1,24] [%emt 0:02:
58]} Rxd5 {[%eval 1,24] [%emt 0:01:47]} 41. Bxd5 {[%eval 0,23] [%emt 0:00:00]}
f5 {[%eval 1,27] [%emt 0:00:32]} 42. gxf6+ {[%eval 1,29] [%emt 0:00:32]} Kxf6 {
[%eval 1,32] [%emt 0:00:34]} 43. a4 {[%eval 1,33] [%emt 0:00:59]} Bc7 {[%eval
1,33] [%emt 0:00:33]} 44. Kg4 {[%eval 1,34] [%emt 0:00:41]} h6 {[%eval 1,35] 
[%emt 0:00:53]} 1/2-1/2

[Event "Reto (ZappaMexico, 90'+30\"/100+15'+30\")"]
[Site "?"]
[Date "2009.12.31"]
[Round "?"]
[White "Diaz, Sergio"]
[Black "Cabrera, Marcelo Dario"]
[Result "1/2-1/2"]
[WhiteElo "2472"]
[BlackElo "2267"]
[PlyCount "60"]

1. e4 c5 2. Nf3 e6 3. d4 cxd4 4. Nxd4 a6 5. Bd3 Nf6 6. O-O Qc7 7. Qe2 d6 8. c4
Be7 9. Nc3 Nc6 10. Nxc6 bxc6 11. f4 Nd7 12. Be3 Rb8 13. Rad1 O-O 14. Rf3 g6 15.
g4 Bf6 16. Qd2 Bb7 17. g5 Bg7 18. Bf1 d5 19. Rf2 Rfe8 20. cxd5 cxd5 21. exd5
exd5 22. Nxd5 Bxd5 23. Qxd5 Rxe3 24. Qxd7 Qc5 25. Kg2 Bxb2 26. Bxa6 {[%eval 29,
14] [%emt 0:11:29]} Ba3 {[%eval 29,14] [%emt 0:04:58]} 27. f5 {[%eval 29,14] 
[%emt 0:04:20]} Re7 {[%eval 22,14] [%emt 0:03:46]} 28. Qd5 {[%eval 13,14] 
[%emt 0:03:26]} Re5 {[%eval 0,15] [%emt 0:03:59]} 29. Qd8+ {[%eval 0,15] [%emt
0:02:26]} Re8 {[%eval 0,15] [%emt 0:04:34]} 30. Qf6 {[%eval 0,15] [%emt 0:02:
28]} Rf8 {[%eval 0,15] [%emt 0:05:06]} 1/2-1/2

[Event "Reto (Fruit23, 90'+30\"/100+15'+30\") "]
[Site "?"]
[Date "2009.12.31"]
[Round "?"]
[White "Diaz, Sergio"]
[Black "Cabrera, Marcelo Dario"]
[Result "1/2-1/2"]
[WhiteElo "2472"]
[BlackElo "2267"]
[PlyCount "87"]

1. e4 c5 2. Nf3 e6 3. d4 cxd4 4. Nxd4 a6 5. Bd3 Nf6 6. O-O Qc7 7. Qe2 d6 8. c4
Be7 9. Nc3 Nc6 10. Nxc6 bxc6 11. f4 Nd7 12. Be3 Rb8 13. Rad1 O-O 14. Rf3 g6 15.
g4 Bf6 16. Qd2 Bb7 17. g5 Bg7 18. Bf1 d5 19. Rf2 Rfe8 20. cxd5 cxd5 21. exd5
exd5 22. Nxd5 Bxd5 23. Qxd5 Rxe3 24. Qxd7 Qc5 25. Kg2 Bxb2 26. Bxa6 {[%eval 28,
17] [%emt 0:05:18]} Ba3 {[%eval 29,17] [%emt 0:02:37]} 27. Qd5 {[%eval 38,17] 
[%emt 0:02:34]} Rc3 {[%eval 37,18] [%emt 0:03:20]} 28. Rd4 {[%eval 37,18] 
[%emt 0:04:14]} Qb6 {[%eval 44,18] [%emt 0:05:16] (Dxd5+)} 29. Bc4 {[%eval 48,
19] [%emt 0:04:39]} Qc7 {[%eval 55,19] [%emt 0:03:28]} 30. f5 {[%eval 45,19] 
[%emt 0:03:59]} gxf5 {[%eval 45,19] [%emt 0:05:18]} 31. Rh4 {[%eval 45,19] 
[%emt 0:05:28]} Rb2 {[%eval 0,19] [%emt 0:07:06]} 32. Rxb2 {[%eval 0,19] [%emt
0:03:05]} Bxb2 {[%eval 0,19] [%emt 0:03:02]} 33. Bb3 {[%eval 0,20] [%emt 0:03:
31]} Qe7 {[%eval 4,20] [%emt 0:05:11]} 34. Qxf5 {[%eval 7,20] [%emt 0:04:26]}
Qe2+ {[%eval 12,20] [%emt 0:04:15]} 35. Qf2 {[%eval 12,21] [%emt 0:03:15]} Qe7
{[%eval 10,21] [%emt 0:03:10]} 36. Rc4 {[%eval 12,20] [%emt 0:04:51]} Qxg5+ {
[%eval 10,20] [%emt 0:01:55]} 37. Kh1 {[%eval 7,22] [%emt 0:02:57]} Rc1+ {
[%eval 6,22] [%emt 0:03:53]} 38. Rxc1 {[%eval 6,23] [%emt 0:01:22]} Qxc1+ {
[%eval 6,23] [%emt 0:02:16]} 39. Qg1+ {[%eval 4,24] [%emt 0:05:01]} Qxg1+ {
[%eval 4,26] [%emt 0:01:56]} 40. Kxg1 {[%eval 5,4] [%emt 0:00:00]} Ba3 {
[%eval 5,29] [%emt 0:02:45]} 41. Bc2 {[%eval 7,30] [%emt 0:01:41] (Rf2)} Kg7 {
[%eval 7,30] [%emt 0:02:40]} 42. Kf2 {[%eval 6,30] [%emt 0:02:39] (Rg2)} h6 {
[%eval 7,27] [%emt 0:01:57] (h5)} 43. Kf3 {[%eval 7,30] [%emt 0:01:48]} Kf6 {
[%eval 7,30] [%emt 0:01:18]} 44. Kg4 {[%eval 7,30] [%emt 0:02:09]} 1/2-1/2

[Event "Reto (DeepJunior1, 90'+30\"/100+15'+30\")"]
[Site "?"]
[Date "2009.12.31"]
[Round "?"]
[White "Diaz, Sergio"]
[Black "Cabrera, Marcelo Dario"]
[Result "1/2-1/2"]
[WhiteElo "2472"]
[BlackElo "2267"]
[PlyCount "136"]

1. e4 c5 2. Nf3 e6 3. d4 cxd4 4. Nxd4 a6 5. Bd3 Nf6 6. O-O Qc7 7. Qe2 d6 8. c4
Be7 9. Nc3 Nc6 10. Nxc6 bxc6 11. f4 Nd7 12. Be3 Rb8 13. Rad1 O-O 14. Rf3 g6 15.
g4 Bf6 16. Qd2 Bb7 17. g5 Bg7 18. Bf1 d5 19. Rf2 Rfe8 20. cxd5 cxd5 21. exd5
exd5 22. Nxd5 Bxd5 23. Qxd5 Rxe3 24. Qxd7 Qc5 25. Kg2 Bxb2 26. f5 {[%eval 21,
16] [%emt 0:00:57]} Ba3 {[%eval 46,15] [%emt 0:02:39] (Ac3)} 27. Rd5 {[%eval
34,17] [%emt 0:01:46]} Re7 {[%eval 43,17] [%emt 0:01:38]} 28. Rxc5 {[%eval 30,
19] [%emt 0:02:07]} Rxd7 {[%eval 41,19] [%emt 0:01:03]} 29. Rc3 {[%eval 27,19]
[%emt 0:04:30]} Be7 {[%eval 41,18] [%emt 0:00:51] (Ab4)} 30. f6 {[%eval 29,18]
[%emt 0:01:14] (h4)} Bf8 {[%eval 42,18] [%emt 0:01:00]} 31. Bxa6 {[%eval 28,19]
[%emt 0:01:11]} Rd4 {[%eval 43,19] [%emt 0:00:51]} 32. Rfc2 {[%eval 33,17] 
[%emt 0:00:51] (Tc7)} Rg4+ {[%eval 41,19] [%emt 0:01:27] (h6)} 33. Rg3 {
[%eval 36,20] [%emt 0:00:57]} Rf4 {[%eval 41,20] [%emt 0:00:56]} 34. Bc4 {
[%eval 27,21] [%emt 0:01:31]} h6 {[%eval 43,20] [%emt 0:01:14]} 35. a4 {
[%eval 35,19] [%emt 0:03:11]} Rb4 {[%eval 35,19] [%emt 0:02:14]} 36. Bb5 {
[%eval 27,19] [%emt 0:02:05]} Bd6 {[%eval 43,19] [%emt 0:01:47]} 37. h3 {
[%eval 26,18] [%emt 0:02:05]} Be5 {[%eval 37,18] [%emt 0:01:44] (Tf5)} 38. gxh6
{[%eval 20,17] [%emt 0:01:02] (Te2)} Rxf6 {[%eval 0,19] [%emt 0:04:39]} 39. Rg5
{[%eval 16,19] [%emt 0:03:13]} Bf4 {[%eval 23,20] [%emt 0:02:00]} 40. Rd5 {
[%eval 2,20] [%emt 0:02:11]} Rb3 {[%eval 21,20] [%emt 0:02:25] (Rh7)} 41. Bd3 {
[%eval 14,19] [%emt 0:04:00]} Rd6 {[%eval 29,19] [%emt 0:01:54]} 42. Rxd6 {
[%eval 16,19] [%emt 0:02:05]} Bxd6 {[%eval 27,20] [%emt 0:03:24]} 43. Bc4 {
[%eval -3,20] [%emt 0:04:15]} Rg3+ {[%eval 27,20] [%emt 0:01:35]} 44. Kf1 {
[%eval 8,21] [%emt 0:05:30]} Ra3 {[%eval 26,21] [%emt 0:04:05]} 45. Ra2 {
[%eval -4,20] [%emt 0:03:01]} Rxh3 {[%eval 23,19] [%emt 0:01:27]} 46. a5 {
[%eval 13,19] [%emt 0:01:43]} Rxh6 {[%eval 23,19] [%emt 0:01:43] (Th1+)} 47.
Rf2 {[%eval 13,19] [%emt 0:01:05]} Rh4 {[%eval 25,19] [%emt 0:02:17]} 48. Bxf7+
{[%eval 14,20] [%emt 0:01:29]} Kg7 {[%eval 26,21] [%emt 0:04:14]} 49. Bb3 {
[%eval 14,21] [%emt 0:02:22] (Ae8)} Rh1+ {[%eval 24,20] [%emt 0:01:09] (g5)}
50. Kg2 {[%eval 13,21] [%emt 0:00:48]} Ra1 {[%eval 23,21] [%emt 0:01:54] (Th2+)
} 51. Ra2 {[%eval 13,24] [%emt 0:02:52]} Rb1 {[%eval 27,24] [%emt 0:07:20] 
(Txa2+)} 52. Ba4 {[%eval 11,24] [%emt 0:12:03] (Ac2)} Rb4 {[%eval 27,22] [%emt
0:00:55] (Rf6)} 53. Bc6 {[%eval 12,21] [%emt 0:02:47] (Ac2)} g5 {[%eval 24,20]
[%emt 0:01:40] (Tg4+)} 54. a6 {[%eval 13,20] [%emt 0:00:43] (Ta4)} Bb8 {
[%eval 23,20] [%emt 0:01:01]} 55. a7 {[%eval 13,21] [%emt 0:00:40]} Bxa7 {
[%eval 24,20] [%emt 0:02:52]} 56. Rxa7+ {[%eval 14,22] [%emt 0:00:56]} Kf6 {
[%eval 27,23] [%emt 0:01:31]} 57. Ra2 {[%eval 3,22] [%emt 0:00:41] (Ta3)} Kf5 {
[%eval 25,20] [%emt 0:00:43] (Re5)} 58. Bd7+ {[%eval 3,19] [%emt 0:00:39]} Kf4
{[%eval 20,22] [%emt 0:02:11]} 59. Rf2+ {[%eval -2,22] [%emt 0:01:10]} Ke5 {
[%eval 16,23] [%emt 0:01:02]} 60. Re2+ {[%eval -2,23] [%emt 0:02:29] (Ac6)} Kd6
{[%eval 25,20] [%emt 0:01:15] (Rf4)} 61. Be8 {[%eval 7,21] [%emt 0:01:05] (Ac8)
} Rb3 {[%eval 19,21] [%emt 0:00:49] (Tg4+)} 62. Re1 {[%eval 5,20] [%emt 0:01:
17] (Ag6)} Rb2+ {[%eval 16,22] [%emt 0:01:09] (Rc5)} 63. Kh1 {[%eval -1,23] 
[%emt 0:01:26] (Rg3)} Kc5 {[%eval 17,21] [%emt 0:01:20] (g4)} 64. Bd7 {[%eval
-3,23] [%emt 0:00:53] (Ag6)} g4 {[%eval 0,22] [%emt 0:01:02]} 65. Kg1 {[%eval
-5,24] [%emt 0:01:16] (Td1)} Rd2 {[%eval 16,23] [%emt 0:02:24] (Rd4)} 66. Rc1+
{[%eval -7,23] [%emt 0:00:40] (Ac8)} Kd4 {[%eval 0,29] [%emt 0:00:57]} 67. Bxg4
{[%eval 0,29] [%emt 0:01:14] (Ac6)} Ke3 {[%eval 0,1] [%emt 0:00:00]} 68. Re1+ {
[%eval 0,1] [%emt 0:00:00]} Kd3 {[%eval 0,1] [%emt 0:00:00]} 1/2-1/2

[Event "Reto (Rybka232mp32-bit, 90'+30\"/100+15'"]
[Site "?"]
[Date "2009.12.31"]
[Round "?"]
[White "Diaz, Sergio"]
[Black "Cabrera, Marcelo Dario"]
[Result "1/2-1/2"]
[WhiteElo "2472"]
[BlackElo "2267"]
[PlyCount "85"]

1. e4 c5 2. Nf3 e6 3. d4 cxd4 4. Nxd4 a6 5. Bd3 Nf6 6. O-O Qc7 7. Qe2 d6 8. c4
Be7 9. Nc3 Nc6 10. Nxc6 bxc6 11. f4 Nd7 12. Be3 Rb8 13. Rad1 O-O 14. Rf3 g6 15.
g4 Bf6 16. Qd2 Bb7 17. g5 Bg7 18. Bf1 d5 19. Rf2 Rfe8 20. cxd5 cxd5 21. exd5
exd5 22. Nxd5 Bxd5 23. Qxd5 Rxe3 24. Qxd7 Qc5 25. Kg2 Bxb2 26. Bxa6 {[%eval 35,
14] [%emt 0:00:45]} Bc3 {[%eval 40,16] [%emt 0:04:31]} 27. Rd5 {[%eval 49,16] 
[%emt 0:00:45]} Qb4 {[%eval 32,17] [%emt 0:03:03]} 28. Bd3 {[%eval 25,17] 
[%emt 0:03:07]} Kg7 {[%eval 25,17] [%emt 0:02:21]} 29. Qa7 {[%eval 29,17] 
[%emt 0:00:59]} Re7 {[%eval 29,18] [%emt 0:02:50]} 30. Rd7 {[%eval 26,19] 
[%emt 0:01:51]} Ra8 {[%eval 13,19] [%emt 0:02:29]} 31. Qxa8 {[%eval 11,19] 
[%emt 0:01:12]} Rxd7 {[%eval 12,19] [%emt 0:00:55]} 32. Qe4 {[%eval 14,19] 
[%emt 0:02:30]} Rd4 {[%eval 17,19] [%emt 0:16:04]} 33. Qe5+ {[%eval 8,19] 
[%emt 0:06:09]} Kg8 {[%eval 7,19] [%emt 0:00:00]} 34. Rf3 {[%eval 12,19] [%emt
0:06:03]} Qf8 {[%eval 11,19] [%emt 0:13:14]} 35. Qe3 {[%eval 8,19] [%emt 0:09:
02]} Qd6 {[%eval 5,19] [%emt 0:11:14]} 36. a4 {[%eval 7,19] [%emt 0:04:41]} Ba5
{[%eval 2,19] [%emt 0:06:49]} 37. f5 {[%eval 2,19] [%emt 0:06:08]} Qd8 {
[%eval 1,19] [%emt 0:08:02]} 38. fxg6 {[%eval 2,19] [%emt 0:06:45]} hxg6 {
[%eval 2,19] [%emt 0:00:46]} 39. Bxg6 {[%eval 2,19] [%emt 0:03:19]} Rd2+ {
[%eval 2,15] [%emt 0:00:19]} 40. Kh3 {[%eval 1,17] [%emt 0:00:27]} fxg6 {
[%eval 2,17] [%emt 0:00:20]} 41. Qe6+ {[%eval 0,18] [%emt 0:00:45]} Kh8 {
[%eval 0,18] [%emt 0:00:00]} 42. Qxg6 {[%eval 0,19] [%emt 0:00:42]} Bc7 {
[%eval 0,19] [%emt 0:00:25]} 43. Qf6+ {[%eval 0,20] [%emt 0:01:18]} 1/2-1/2

[Event "Reto (Fritz1, 90'+30\"/100+15'+30\") "]
[Site "?"]
[Date "2009.12.31"]
[Round "?"]
[White "Diaz, Sergio"]
[Black "Cabrera, Marcelo Dario"]
[Result "1/2-1/2"]
[WhiteElo "2472"]
[BlackElo "2267"]
[PlyCount "89"]

1. e4 c5 2. Nf3 e6 3. d4 cxd4 4. Nxd4 a6 5. Bd3 Nf6 6. O-O Qc7 7. Qe2 d6 8. c4
Be7 9. Nc3 Nc6 10. Nxc6 bxc6 11. f4 Nd7 12. Be3 Rb8 13. Rad1 O-O 14. Rf3 g6 15.
g4 Bf6 16. Qd2 Bb7 17. g5 Bg7 18. Bf1 d5 19. Rf2 Rfe8 20. cxd5 cxd5 21. exd5
exd5 22. Nxd5 Bxd5 23. Qxd5 Rxe3 24. Qxd7 Qc5 25. Kg2 Bxb2 26. f5 Bg7 27. Qd6
Qxd6 28. Rxd6 gxf5 29. Rxf5 Bc3 {[%eval 30,18] [%emt 0:11:19]} 30. Rc6 {
[%eval 27,18] [%emt 0:15:16] (Axa6)} Rb2+ {[%eval 26,18] [%emt 0:06:53]} 31.
Rf2 {[%eval 23,20] [%emt 0:11:35]} a5 {[%eval 16,20] [%emt 0:21:46]} 32. Rc7 {
[%eval 16,19] [%emt 0:11:20]} Rxf2+ {[%eval 11,19] [%emt 0:09:24] (Ae5)} 33.
Kxf2 {[%eval 9,20] [%emt 0:03:32]} Bd4 {[%eval 6,20] [%emt 0:10:11]} 34. Rd7 {
[%eval 6,19] [%emt 0:04:51]} Bc5 {[%eval 4,19] [%emt 0:10:03]} 35. Kg2 {
[%eval 5,19] [%emt 0:08:12]} Kg7 {[%eval 5,18] [%emt 0:02:55]} 36. Bc4 {
[%eval 5,18] [%emt 0:06:22]} Be7 {[%eval 3,18] [%emt 0:03:21]} 37. Ra7 {
[%eval 4,17] [%emt 0:03:43] (h4)} Re5 {[%eval 4,17] [%emt 0:02:23]} 38. Kf3 {
[%eval 2,18] [%emt 0:05:28] (h4)} Bxg5 {[%eval 0,17] [%emt 0:01:56]} 39. Rxf7+
{[%eval 1,17] [%emt 0:02:15]} Kg6 {[%eval 0,18] [%emt 0:02:01]} 40. Rb7 {
[%eval 0,17] [%emt 0:03:12] (Ta7)} h6 {[%eval 0,17] [%emt 0:03:46]} 41. Ra7 {
[%eval 0,17] [%emt 0:02:59] (Tb6+)} Kh5 {[%eval -1,17] [%emt 0:06:19] (Te3+)}
42. Kg3 {[%eval -2,17] [%emt 0:02:57]} Re3+ {[%eval -1,18] [%emt 0:07:05]} 43.
Kf2 {[%eval 0,19] [%emt 0:02:31]} Re5 {[%eval 0,18] [%emt 0:01:02] (Ta3)} 44.
Kg3 {[%eval 0,19] [%emt 0:02:03]} Re3+ {[%eval 0,18] [%emt 0:01:40]} 45. Kg2 {
[%eval 0,19] [%emt 0:02:45]} 1/2-1/2

[Event "Reto (Fritz11, 90'+30\"/100+15'+30\") "]
[Site "?"]
[Date "2009.12.31"]
[Round "?"]
[White "Diaz, Sergio"]
[Black "Cabrera, Marcelo Dario"]
[Result "1/2-1/2"]
[WhiteElo "2472"]
[BlackElo "2267"]
[PlyCount "72"]

1. e4 c5 2. Nf3 e6 3. d4 cxd4 4. Nxd4 a6 5. Bd3 Nf6 6. O-O Qc7 7. Qe2 d6 8. c4
Be7 9. Nc3 Nc6 10. Nxc6 bxc6 11. f4 Nd7 12. Be3 Rb8 13. Rad1 O-O 14. Rf3 g6 15.
g4 Bf6 16. Qd2 Bb7 17. g5 Bg7 18. Bf1 d5 19. Rf2 Rfe8 20. cxd5 cxd5 21. exd5
exd5 22. Nxd5 Bxd5 23. Qxd5 Rxe3 24. Qxd7 Qc5 25. Kg2 Bxb2 26. f5 Bg7 27. Qd6
Qxd6 28. Rxd6 gxf5 29. Rxf5 Bc3 {[%eval 7,18] [%emt 0:01:34]} 30. Bxa6 {
[%eval 10,20] [%emt 0:03:25]} Rb2+ {[%eval 7,20] [%emt 0:03:18]} 31. Rf2 {
[%eval 9,21] [%emt 0:01:19]} Rb4 {[%eval 4,21] [%emt 0:06:09]} 32. Bc8 {
[%eval 8,18] [%emt 0:01:34] (Td8+)} Be1 {[%eval 2,19] [%emt 0:01:54]} 33. Rc2 {
[%eval 4,19] [%emt 0:01:20]} Rb5 {[%eval 1,20] [%emt 0:05:11] (Te5)} 34. Rd4 {
[%eval 2,20] [%emt 0:02:24]} Rxg5+ {[%eval 0,20] [%emt 0:04:32]} 35. Rg4 {
[%eval 0,21] [%emt 0:03:39]} h6 {[%eval 0,21] [%emt 0:02:31]} 36. Rxg5+ {
[%eval 0,21] [%emt 0:02:21]} hxg5 {[%eval 0,22] [%emt 0:03:09]} 1/2-1/2